000 00282nam a2200133 i 4500
001 bg
100 1 _aSIKORA, Adam
245 0 _aFourier /
_cA. Sikora.
260 _aWarszawa,
_c1989.
040 _cBPK
041 _apol
942 _cKS
008 s pl f |000 0 pol
999 _c28882
_d28882
856 _uhttp://koha.tu.koszalin.pl/cgi-bin/koha/opac-detail.pl?biblionumber=28882
_yKatalog online BPK